000 00621nam a22002052 4500
001 0000024878
005 20151217145949.0
008 140321s xx 000 0 eng d
020 _a0071318690 :
040 _aKABU
_cKABU
100 1 _aMolloy, Michael.
_@0000185131
245 1 0 _aExperiencing the world's religions :
_btradition, challenge, and change /
_cMichael Molloy.
250 _a6th ed.
260 _aNew York :
_bMcGraw-Hill,
_c2013.
300 _axxvii, 539 p.
650 0 _aReligions.
_@0000148262
852 1 _9p3995 KES
908 _a140321
950 _@1
999 _c4566
_d4566